000 00503nam a22002177a 4500
003 UA-OsUOA
001 38525
007 ta
008 20060516b un ||||| |||| 00| 0 ukr d
100 _aДугобриз Євген
090 _a32
_bД11
942 _cSA
040 _aUA-OsUOA
_bukr
_cUA-OsUOA
_dUA-OsUOA
245 _aКузня російських кадрів
300 _a14 с.
955 _a0
041 _aukr
080 _a32
773 0 _w38524
650 7 _a32 Політика
_2UDC
999 _c324678
_d324678